000 00449nam a22001817a 4500
003 koha_MIRAKIL
005 20231213095636.0
008 231213b |||||||| |||| 00| 0 ||| d
020 _b9-75763028-4
040 _aTR-IsEVY
_btur
_cTR-IsEVY
082 _a030 KAY/M
100 _aKAYRA, CAHİT.
245 0 _aMEKANLAR VE ZAMANLAR BEBEK.
260 _bAkbank,
_c1993
300 _a195.
650 _aGenel Ansiklopedik eserler.
942 _2ddc
_cBK
999 _c7017
_d7017